|
|
|
|
| LEADER |
00000nam a2200000 a 4500 |
| 005 |
2014110704204.0 |
| 007 |
cr ||||||||||| |
| 008 |
121210s2012 sp |||| s|||||0|| 0 spa|c |
| 020 |
|
|
|a 9788415455455
|
| 035 |
|
|
|a 6962
|
| 040 |
|
|
|a vLex
|
| 080 |
|
|
|a 342.725(460)
|
| 090 |
|
|
|c 5283
|d 5283
|
| 100 |
1 |
|
|a Cuenca Gm̤ez, Patricia
|
| 245 |
1 |
0 |
|a Estudios sobre los derechos de las personas sordas
|h [Recurso electrn̤ico] /
|c Patricia Cuenca Gm̤ez
|
| 256 |
|
|
|a Servicio en ln̕ea
|
| 260 |
|
|
|a [Madrid] :
|b Dykinson,
|c 2012
|
| 300 |
|
|
|a 1 recurso electrn̤ico
|
| 504 |
|
|
|a Referencias bibliogrf̀icas: n̕dice
|
| 506 |
1 |
|
|a Contenido disponible en los productos indicados
|d vLex Global
|d vLex Global (Academic Edition, excluding Law Schools)
|d vLex Global (U.S. Academic Edition, Law Schools)
|d vLex Global (U.S. Academic Edition, excluding Law Schools)
|d vLex Global (Academic Edition, Law Schools)
|
| 650 |
0 |
4 |
|a Sordos
|x Situacin̤ legal, lleyes, etc.
|z Espaą
|
| 740 |
0 |
|
|a vLex Libros (Servicio en ln̕ea)
|
| 856 |
4 |
0 |
|z Acceso restringido
|u http://vlex.com/source/estudios-derechos-personas-sordas-6962
|
| 942 |
|
|
|c BOOK
|
| 999 |
0 |
|
|a Deaf --Legal status, laws, etc
|